000 00346 a2200157 4500
001 58069
020 _a8572390162
040 _cAnchieta - Pituba
100 _aTeixeira Filho, José Boa Morte
240 1 0 _aGotas de inverno
_lpor
245 1 0 _aGotas de inverno
300 _a72
362 0 _a1998
650 4 _aPoesia brasileira
942 _cBK
999 _c58069
_d58069